000 00501cam a22002054a 4500
005 20250605164320.0
008 250528s ||||||||||||||||||||||||d
035 _a22843
020 _a9780619215156
040 _aGR-AtMCL
_bgre
_dGR-AtMCL
_eAACR2
245 1 _aMANAGEMENT OF INFORMATION SECURITY
250 _a1
260 _bThomson,
_c2004
300 _a559
700 1 _aMattord Herbert J
_98507
700 1 _aWhitman Michael E
_98508
942 _cBK
999 _c7888
_d7888